000 00797nam a22002177a 4500
999 _c57384
_d57384
005 20221107115952.0
008 200615b2014 enk||||| |||| 00| 0 eng d
020 _a9780803638211 X
040 _aeng
080 _a616.7 M-78
100 _aMcKinnis, Lynn
_98389
245 _aFundamentals of Musculoskeletal Imaging
_cLynn McKinnis, Lynn N McKinnis
250 _a4th edition
264 _aPhiladelphia :
_bF.A. Davis Company,
_c2014.
300 _a696 p.
_b28 cm.
653 _aსაყრდენ მამოძრავებელი სისტემა
653 _aკუნთების ვიზუალიზაციის საფუძვლები
653 _aმედიცინა
700 _aMcKinnis, Lynn N
_eავტორი
_98390
942 _2udc
_cBK